Cyclisme : Top 20 du Contre la Montre des Championnats d'Europe 2025 - Statistiques

Statistiques générales
  • Ce quiz a été pris 37 fois
  • Le résultat moyen est 11 sur 20
Statistiques - réponses
Position Pays Représenté Coureur % Correct
2eme Italie Filippo Ganna
100%
1er Belgique Remco Evenepoel
100%
8eme Suisse Stefan Kung
97%
9eme France Bruno Armirail
91%
5eme Royaume Uni Joshua Tarling
77%
13eme France Remi Cavagna
77%
7eme Republique Tcheque Mathias Vacek
71%
15eme Danemark Mads Pedersen
66%
6eme Pays-Bas Daan Hoole
57%
4eme Royaume Uni Ethan Hayter
57%
3eme Danemark Niklas Larsen
57%
19eme Portugal Nelson Oliveira
54%
11eme Suede Jakob Soderqvist
43%
18eme Suisse Stefan Bisseger
34%
16eme Luxembourg Alex Kirsch
31%
10eme Belgique Alec Segaert
23%
20eme Russie Artem Nych
20%
17eme Luxembourg Athur Kluckers
14%
14eme Italie Lorenzo Milesi
14%
12eme Allemagne Max Walscheid
9%
Aucun quiz correspondant
Distribution des résultats
% des personnes avec chaque résultat
Percentile par nombre de réponses
Votre historique - résultats
Vous n’avez pas pris ce quiz